LIBRARY & INFORMATION CENTRE, KCAET, TAVANUR

ONLINE PUBLIC ACCESS CATALOGUE (OPAC)

Standardization of irrigation requirement of cowpea under naturally ventilaed poly house (Record no. 15086)

MARC details
000 -LEADER
fixed length control field 00962nam a22002057a 4500
003 - CONTROL NUMBER IDENTIFIER
control field OSt
088 ## - REPORT NUMBER
Report number P 311
100 ## - MAIN ENTRY--AUTHOR NAME
Personal name ARUNYA S. KUMAR
245 ## - TITLE STATEMENT
Title Standardization of irrigation requirement of cowpea under naturally ventilaed poly house
260 ## - PUBLICATION, DISTRIBUTION, ETC. (IMPRINT)
Place of publication Tavanur 2015
Name of publisher Department of Land and Water Resource and Conservation Engineering
300 ## - PHYSICAL DESCRIPTION
Number of Pages 54
500 ## - GENERAL NOTE
General note Standardization of irrigation requirement of cowpea under naturally ventilaed poly house
520 ## - SUMMARY, ETC.
Summary, etc the present study was undertaken with the objective to determine the effect of different irrigation levels of yield of cowpea under naturally ventilated poly house. it was conducted at the experimental plot of PFDC farm, KCAET, Tavanur.
700 ## - ADDED ENTRY--PERSONAL NAME
Personal name Athulya T. K
700 ## - ADDED ENTRY--PERSONAL NAME
Personal name Sahla N
700 ## - ADDED ENTRY--PERSONAL NAME
Personal name Dr. Abdul Hakkim V. M (Guide)
856 ## - ELECTRONIC LOCATION AND ACCESS
Uniform Resource Identifier https://drive.google.com/open?id=1RhLY_w2H5vrco9qysawcsW-OcFiNc88T
942 ## - ADDED ENTRY ELEMENTS (KOHA)
Koha item type Project Report
Holdings
Collection code Home library Current library Shelving location Full call number Accession Number Koha item type
Reference KAUAET KAUAET Reference 631.75807 ARU/ST P 311 Project Report
free website counter